| 000 | 00840nam2a2200253 4500 | ||
|---|---|---|---|
| 001 | RU\NLR\BIBL_A\012700667 | ||
| 005 | 20250624122500.0 | ||
| 035 | _a(NLR Aleph) 012700667 | ||
| 090 |
_a13307089 _c13307089 |
||
| 100 | _a20220203d1967 |||y0rusy50 ca | ||
| 101 | 0 | _aaze | |
| 102 | _aAZ | ||
| 105 | _ay z 000 y | ||
| 181 | 0 |
_ai _baxxe |
|
| 182 | 0 | _an | |
| 200 | 0 | _aҹ.1 | |
| 203 |
_aТекст _bвизуальный _cнепосредственный |
||
| 210 |
_cАзәрнәшр _d1967 _aБ. м. |
||
| 215 | _a517,[2] с. | ||
| 461 | 0 |
_1001RU\NLR\BIBL_A\012700662 _12001#$aСечилмиш әсәрләри$eдөрд ҹилддә$fМир Ҹәлал$vҹ. 1 _1700#1$aПашаjев$f1908-1978$bМ.Ҹ.Ә.$gМир Ҹәлал Әли оғлу$4070 |
|
| 852 |
_aNLR _bОНЛ _jАзерб./3-8292 |
||
| 942 | _cBOOK | ||
| 980 | _aNB | ||